| 000 | 00555nam a2200181 a 4500 | ||
|---|---|---|---|
| 005 | 20140310183455.0 | ||
| 008 | 091109s19uu xx 00 eng d | ||
| 020 | _a139780814409435 | ||
| 050 |
_aHF 5415 _b.M3246 2009 |
||
| 100 | _aMartin, Dick | ||
| 245 |
_aSecrets of the marketing masters : _bwhat the best marketers do - and why it works / _cDick Martin. |
||
| 260 |
_aNew York : _bAMACON, _cc2009. |
||
| 300 |
_a265 p. : _bill. ; _c24 cm. |
||
| 521 | _aBSBA | ||
| 650 | _aMarketing. Success in business. | ||
| 942 |
_cBK _2lcc _kFOR |
||
| 999 |
_c23600 _d23600 |
||